00953 am a2200241 a 450000500170000000800410001702000150005804100080007309200180008111000210009924501030012025000110022326000380023430000110027250001410028359000890042465300210051365300240053493000080055894200120056699900130057895201200059120231221083337.0101006s1999||||ag d f |||| 000 0 spa d a9879675274 aspa c610.7l2sAFA1 aAFACIMERA.91378 aEducación Médica. Desafíos y tendencias. bT.3 Educación y Servicio de Salud /cAFACIMERA. a1a ed. aBuenos Aires: bAFACIMERA;c1999. a103 p. aAFACIMERA. (1999) Educación médica. Desafíos y tendencias. T.3 Educación y Servicio de Salud. (1a ed.) Buenos Aires : AFACIMERA. aAFACIMERA: Asociación de Facultades de Ciencias Medicas de la Republica Argentina. aCiencias Medicas aFormación docente a362 2ddccBK c796d796 00102ddc4070aBFMbBFMcCRd2011-05-13l0o610.7 2 AFAp362r2014-11-06tej.1w2011-05-13yBKzHemeroteca 2022f